00525pab a2200157 454500008004000000100002800040245007300068260000900141300001000150362001400160650001000174773005000184909001000234999001700244952010600261180718b1990 xxu||||| |||| 00| 0 eng d aBhattacharyay, Biswa N. aMoney and income in IndiabApplication of time domain causality test c1990 a36-51 aOct.,Mar. aMoney aNational Council of Applied Economic Research a14151 c14151d14151 00104070aIIPAbIIPAd2018-07-19hVolume no: 22, Issue no: 1&2pAR14194r2018-07-19w2018-07-19yAR